00198nam a22000977a 4500040000700000082000800007100001600015245003400031260002600065300000900091 cSK a001 aLENG BUNHOR aData analysis methods in SPSS aPhnom PenhbLENc2006 a57p.